00955cam a2200241 a 450000100100000000500170001000800410002704000290006808200270009710000370012424500700016125000110023126000720024230000280031460000470034265100500038965100450043965000500048470000250053404900090055995201300056899900150069800000773520240502094959.0880712s1988 cu a f000 0dspa c aDO-SdBNPbspacLCdBNPHU a923.17291bC355G, 19881 aCastro, Fideld 1926-201691697113aUn encuentro con Fidel /centrevista realizada por Gianni Miná. a2a ed. aLa Habana :bOficina de Publicaciones del Consejo de Estado,c1988. a363 p. :bil. ;c21 cm.10aCASTRO, FIDEL,d1926-xENTREVISTAS.913869 4aCubaxPolítica Y Gobiernoy1959-1990.95620 4aCubaxCondiciones Socialesy1959-921417 4aJefes de de estadozCubaxEntrevistas.9214181 aMina, Gianni.921419 aBNGR 001052708MOaGRbGRcCTd2009-09-10iLF1l0o923.17291 C355G, 1988p7735-10r2020-06-25w2020-06-25y2ZPréstamo interno c7513d7513